THE BOYZ all songs (May 2026 update) - Statistics

General Stats
  • This quiz has been taken 101 times
    6 since last reset
  • The average score is 62 of 191
Answer Stats
Hint Answer % Correct
Bloom Bloom Bloom Bloom
100%
THE FIRST Boy
100%
THRILL-ING B.O.Y (Bet On You)
100%
Delicious Delicious
100%
PHANTASY Pt.2 Sixth Sense Honey
100%
MAVERICK MAVERICK
100%
REVEAL REVEAL
100%
BE AWAKE ROAR
100%
SHE'S THE BOSS SHE'S THE BOSS
100%
THRILL-ING THRILL RIDE
100%
Breaking Dawn Breaking Dawn
80%
DREAMLIKE D.D.D
80%
Last Kiss Last Kiss
80%
PHANTASY Pt.1 Christmas In August LIP GLOSS
80%
PHANTASY Pt.3 Love Letter Nectar
80%
THE ONLY No Air
80%
REVEAL Salty
80%
TATTOO TATTOO
80%
TRIGGER TRIGGER
80%
PHANTASY Pt.2 Sixth Sense WATCH IT
80%
BE AWARE WHISPER
80%
Unexpected Ain't Salty
60%
a;effect AURA
60%
BE AWARE Bump & Love
60%
Road to Kingdom CHECKMATE
60%
DREAMLIKE Daydream
60%
2023 Special single Dear.
60%
REVEAL Goodbye
60%
MAVERICK Hypnotized
60%
THE FIRST I'm Your Boy
60%
CHASE Insanity
60%
BE AWARE Levitating
60%
Unexpected Miss Demeanor
60%
PHANTASY Pt.1 Christmas In August Passion Fruit
60%
Breaking Dawn PRISM
60%
PHANTASY Pt.2 Sixth Sense Rat In The Trap
60%
Unexpected Rock and Roll
60%
MAVERICK Russian Roulette
60%
REVEAL Scar
60%
Still Love You Still Love You
60%
a;effect Stylish
60%
CHASE The Stealer
60%
Unexpected VVV
60%
CHASE Whiplash
60%
a;effect You and I
60%
THE ONLY 4EVER
40%
2022 Special single All About You
40%
BE AWAKE Awake
40%
THE START Back 2 U
40%
TRIGGER bAd
40%
PHANTASY Pt.2 Sixth Sense Bad Luck
40%
Mixtape(SUNWOO) Berry
40%
TRIGGER Bite Back
40%
Bloom Bloom Butterfly
40%
2020 Christmas Special single Christmassy!
40%
BE AWARE C.O.D.E
40%
PHANTASY Pt.2 Sixth Sense CRYING & LAUGHTER
40%
THRILL-ING Dancing Till We Drop
40%
Road to Kingdom Danger
40%
BE AWAKE Diamond Life
40%
SHE'S THE BOSS Don't Cry
40%
Universe Music Drink It
40%
Other releases Echo
40%
PHANTASY Pt.2 Sixth Sense Escape
40%
Unexpected Feel The Bass
40%
PHANTASY Pt.1 Christmas In August Fire Eyes
40%
Breaking Dawn FLAG
40%
THE START Get It
40%
THE START Giddy Up
40%
THE FIRST Got It
40%
PHANTASY Pt.3 Love Letter Hurt Me Less
40%
THE SPHERE KeePer
40%
Breaking Dawn Kiss Me If You Can
40%
THE SPHERE L.O.U
40%
THE ONLY Lucid Dream
40%
CHASE Make or Break
40%
THRILL-ING Merry Bad Ending
40%
THRILL-ING Nightmares
40%
THE BOYZ X PORORO Nolza
40%
Unexpected Nothing
40%
THE ONLY Only ONE
40%
THRILL-ING Out Of Control
40%
Road to Kingdom Quasi una fantasia
40%
THE SPHERE Right Here
40%
Unexpected Rose
40%
REVEAL Shake You Down
40%
TRIGGER Slip Away
40%
DREAMLIKE SUMMER TIME
40%
Universe Music Sweet
40%
a;effect Talk
40%
Special Unit Digital Single (Hyunjae, Juyeon, Sunwoo) Tiger
40%
BE AWARE Timeless
40%
SHE'S THE BOSS Toxic Love
40%
THE FIRST Walkin' In Time
40%
DREAMLIKE Water
40%
SHE'S THE BOSS Why Why Why
40%
THE BOYZ X PORORO BANANA CHACHA
20%
BE AWAKE Blah Blah
20%
REVEAL Break your rules
20%
2021 Christmas Special single Candles
20%
Breaking Dawn Closer
20%
Bloom Bloom Clover
20%
DREAMLIKE Complete Me
20%
a;effect Constellation
20%
Unexpected Cross Over
20%
REVEAL Ego
20%
Breaking Dawn EINSTEIN
20%
TATTOO Espionage
20%
PHANTASY Pt.1 Christmas In August Fairy Tale
20%
PHANTASY Pt.1 Christmas In August Fantasize
20%
DREAMLIKE Going High
20%
Road to Kingdom Heroine
20%
BE AWAKE Horizon
20%
Breaking Dawn HUSH
20%
THE START Just U
20%
KINGDOM: LEGENDARY WAR KINGDOM COME
20%
Other releases Last Man Standing
20%
PHANTASY Pt.1 Christmas In August Lighthouse
20%
Delicious Lip Sync
20%
THE ONLY Melting Heart
20%
Mixtape(ERIC) O.M.W
20%
SHE'S THE BOSS One Dance
20%
Breaking Dawn Penalty
20%
TRIGGER Re-Wind
20%
BE AWAKE Savior
20%
CHASE Shine Shine
20%
Delicious SKATEBOARD
20%
REVEAL Spring Snow
20%
Unexpected Starry Night
20%
Other releases Stealer
20%
TATTOO Stupid Sorry
20%
BE AWARE Survive The Night
20%
THE START Text Me Back
20%
KINGDOM: LEGENDARY WAR The Red Wedding
20%
Still Love You The Season
20%
TRIGGER They See Me Dream
20%
Still Love You Together Forever
20%
2019 ChristmasSpecial single White
20%
REVEAL Wings
20%
Mixtape(NEW) 0221 After
0%
Mixtape(NEW) 0329 from.24
0%
Mixtape(NEW) 1201 Jelly
0%
Mixtape(ERIC) - 22 22
0%
Mixtape(ERIC) 4:03 (Jet Lag)
0%
Mixtape(KEVIN) 604
0%
SHE'S THE BOSS ALWAYS TOGETHER
0%
TATTOO Back All Black
0%
Mixtape(JACOB) - KINDLE BIRDCAGE
0%
TATTOO Brighter
0%
TATTOO Bye Bye Bye
0%
Last Kiss Candle Light
0%
Mixtape(JACOB) Comfortable
0%
Mixtape(SUNWOO) Cotton Candy
0%
Mixtape(SUNWOO) Cream
0%
Mixtape(SANGYEON) DAY OFF
0%
Delicious Door
0%
Mixtape(SUNWOO) drling
0%
Other releases Electric Energy (Reimagination)
0%
Delicious EYES ON ME
0%
KINGDOM: LEGENDARY WAR Full DaSH
0%
Mixtape(JACOB) - KINDLE HAPPY
0%
Delicious | FLAGLIA OST Here is
0%
Mixtape(ERIC) - 22 Hide ur Love
0%
Other releases How about you?
0%
Mixtape(JACOB) I BELONG
0%
Mixtape(SANGYEON) I Wanna Go Back
0%
KINGDOM: LEGENDARY WAR King and Queen
0%
Mixtape(ERIC) - 22 LOVE DAY
0%
Mixtape(JACOB) - KINDLE MELATONIN
0%
KINGDOM: LEGENDARY WAR Monster (Stormborn)
0%
Other releases Neverland
0%
Mixtape(SUNWOO) One Person
0%
Mixtape(SUNWOO) Photosynthesis
0%
Run On OST Priority
0%
Mixtape(KEVIN) rubber boots
0%
Mixtape(JACOB) Safe Place
0%
Mixtape(ERIC) SOMEWHERE
0%
KINGDOM: LEGENDARY WAR Spark
0%
Mixtape(JACOB) Summer Love
0%
Other releases Summer Night
0%
Delicious | FLAGLIA OST Take Me Back
0%
Delicious | FLAGLIA OST Talk About Us
0%
Mixtape(SUNWOO) Tangerine
0%
Other releases We Are
0%
Mixtape(JACOB) - KINDLE WHERE ARE YOU NOW
0%
Other releases Will Be
0%
Last Kiss Winter Sleep
0%
Mixtape(JACOB) - KINDLE WITH YOU
0%
No matching quizzes found
Score Distribution
Percent of People with Each Score
Percentile by Number Answered
Your Score History
You have not taken this quiz since the last reset